00322nam a2200121Ia 4500008004100000041000800041082001700049100002000066245004500086260003800131300002400169365000700193240624s9999 xx 000 0 und d aeng a658.4012 CHA aCHAUDHARI SUMIT aCASE STUDIES ON COMPETITIVE STRATEGIES I c2006aHyderabadbICFAI University a238 : p. : cm. ; 24 cRS